LEADER 00918nam--2200337---450- 001 990000560890203316 035 $a0056089 035 $aUSA010056089 035 $a(ALEPH)000056089USA01 035 $a0056089 100 $a20010712d1968----km-y0itay0103----ba 101 $afre 102 $aFR 105 $a||||||||001yy 200 1 $aCalcul infinitésimal 210 $aParis$cHermann$d1968 215 $a479 p.$cill.$d22 cm 225 2 $aCollection Méthodes$v8 410 $12001$aCollection Méthodes$v8 676 $a515.33 700 1$aDIEUDONNÉ,$bJean$0440723 801 0$aIT$bsalbc$gISBD 912 $a990000560890203316 951 $a500 ME 8$b2742 CBS$c500 ME$d00102895 959 $aBK 969 $aSCI 979 $aPATTY$b90$c20010712$lUSA01$h1105 979 $c20020403$lUSA01$h1705 979 $aPATRY$b90$c20040406$lUSA01$h1639 996 $aCalcul infinitésimal$943019 997 $aUNISA LEADER 01106nam--2200409---450- 001 990000881400203316 005 20050214132433.0 010 $a88-359-3839-2 035 $a0088140 035 $aUSA010088140 035 $a(ALEPH)000088140USA01 035 $a0088140 100 $a20020117d1994----km-y0itay0103----ba 101 $aita 102 $aIT 105 $a||||||||001yy 200 1 $aDylan Thomas$fRoberto Sanesi 205 $a2.ed. 210 $aRoma$cEditori riuniti$d1994 215 $a136 p.$d22 cm 225 2 $aI testi$v79 410 $12001$aI testi$v79 461 1$1001-------$12001 606 0 $aThomas, Dylan 676 $a821.912 700 1$aSANESI,$bRoberto$0159837 801 0$aIT$bsalbc$gISBD 912 $a990000881400203316 951 $aVII.3.B. 33(VARIE COLL 1000/79)$b116689 LM$cVARIE COLL 959 $aBK 969 $aUMA 979 $aPATTY$b90$c20020117$lUSA01$h1157 979 $c20020403$lUSA01$h1732 979 $aPATRY$b90$c20040406$lUSA01$h1701 979 $aCOPAT2$b90$c20050214$lUSA01$h1324 996 $aDylan Thomas$9142623 997 $aUNISA